| 000 | 003350000a22001210004500 | ||
|---|---|---|---|
| 090 |
_aAs _bSeriadas |
||
| 245 | 1 | 0 | _aNuva variedad de Anopheles pseudopunctipennis |
| 041 | 0 | _aEspañol | |
| 700 | 1 |
_aMuños Sarmiento, Fenita _999891 |
|
| 100 | 1 |
_aOsorno Mesa, Ernesto _999162 |
|
| 942 | _cARTICULO | ||
| 773 | 1 |
_tCaldasia _h21 _q105-114 _d1948 _g5 |
|
| 999 |
_c15640 _d15640 |
||